000 00918nas a2200289 4500
001 BR2011004316
003 BR-BrBNA
005 20231205115058.0
007 ta
008 230509b bl.|||p| |||| 00| 00por d
040 _aBR-BrBNA
_bpor
_cBiblioteca Nacional de Agricultura
041 _a(Pt)
072 _aF02
100 1 _aArrigoni-Blank, M. de F.
100 1 _aCosta, A.S.
100 1 _aFonseca, V.O.
100 1 _aAlves, P.B.
100 1 _aBlank, A.F.
245 1 _aMicropropagação, aclimatização, teor e composição química do óleo essencial de genótipos de hortelã japonesa
650 _aMENTA
650 _aMICROPROPAGAÇÃO
650 _aSUBSTRATO DE CULTURA
650 _aCULTURA DE TECIDO
773 0 _tRevista Ciência Agronômica (Brazil)
_xISSN 0045-6888
_g(Jan-Mar 2011), v. 42(1) p. 175-184
_wBR2011004316
909 _a202311
_bLúcia
_c55
_dLúcia Elande
942 _2AGRIS
_n0
_cANA
999 _c211982
_d211982